000 00422nam a2200169 a 4500
001 0596
005 20140414131926.0
008 040201s19uu xx 00 eng d
020 _a0-307-30195-8
050 _aER
_bP93 1994
100 _aLundell, Margo
245 _aPrincess and the pea (The) /
_cMargo Lundell.
260 _aNew York :
_bGolden,
_c1994.
300 _ap. ; cm.
999 _c112034
_d112034